000 00628nam a22002177a 4500
005 20140306110842.0
010 _aENG-108675
020 _a9789325969001
_c375.00
035 _aEN-92208
037 _bDBAD/PUB
082 _a512.02
100 _aKhanna, Vijay K.
245 1 0 _aA course in abstract algebra /
_cby Vijay K. Khanna [and] S.K. Bhambri
250 _a4th ed
260 _aNoida
_bVikas Publishing House
_c2013
270 _aE-28, Sector-8
_bNoida
_e201301
300 _aix,778p.
_c24cm(pbk)
500 _aIncludes index
700 _aBhambri, S.K.
942 _2ddc
_cEN
_mKHA
_h512.02
999 _c80843
_d80843